Słowa Inwokacji „Pana Tadeusza" - nagła śmierć - Statystyki

Ogólne statystyki
  • Ten quiz został rozwiązany 323 razy
  • Średni wynik to 11 z 36
Answers on the Grid
Answers color-coded by a green-red scale on the quiz's grid according to % correct below.
Bogu
cenić
ciebie
Częstochowy
dowie,
duszę
dziecko
gród
grusze
gryka
jak
jesteś
lasów
Litwo!
łono
miedzą
moja!
nasza
niebieskim
Niemnem
obok
ochraniasz
Ojczyzno
opiekę
Ostrej
ozdobie
pała
Panno
pańskim
Polsko!
powiekę
powróciłaś
przywróć
rumieńcem
się
stracił
świerzop,
świętej
Tadeusz
ty
utęsknioną
wiernym
wileński
wrócone
zajazd
zdrowie.
zielonych
żytem
 
Statystyki odpowiedzi
Odpowiedź % Poprawnych
cenić
70%
Litwo!
70%
moja!
60%
Ojczyzno
60%
jak
55%
jesteś
52%
zdrowie.
52%
ty
48%
Częstochowy
46%
dowie,
46%
Bogu
44%
Panno
42%
Ostrej
38%
gryka
30%
gród
27%
dziecko
26%
ochraniasz
26%
świerzop,
26%
ozdobie
23%
łono
22%
opiekę
22%
stracił
22%
utęsknioną
22%
Niemnem
21%
powiekę
21%
powróciłaś
21%
się
21%
żytem
19%
pała
18%
duszę
17%
rumieńcem
17%
grusze
16%
miedzą
16%
zielonych
13%
wrócone
12%
wiernym
7%
Nie znaleziono quizów pasujących do podanych kryteriów
Rozkład punktacji
Procent ludzi z każdym wynikiem
Percentyl według liczby udzielonych odpowiedzi
Twoja historia wyników
Nie rozwiązałeś tego quizu